Normal view
MARC view
- Press and politics
Entry Topical Term
001 - CONTROL NUMBER
- control field: 101536
003 - CONTROL NUMBER IDENTIFIER
- control field: NUST
005 - DATE AND TIME OF LATEST TRANSACTION
- control field: 20221027144615.0
008 - FIXED-LENGTH DATA ELEMENTS
- fixed length control field: 221027|| aca||aabn | a|a d
040 ## - CATALOGING SOURCE
- Original cataloging agency: NUST
- Transcribing agency: NUST
150 ## - HEADING--TOPICAL TERM
- Topical term or geographic name entry element: Press and politics
670 ## - SOURCE DATA FOUND
- Source citation: Work cat.: (NUST)0: Wise, Janet. 101535, The black silk road/, 2009
